000 00896cab a2200301 4500
001 ABS54326
008 090401t1995 xxu||||| |||| 00| 0 eng d
035 _a(Sirsi) u9828
041 _aeng
100 _aCheyne, I.
245 _aFitting definition to purpose; the search for a satisfactory definition of waste
260 _c1995
350 _a0
490 _aJournal of Environmental Law
_v7(2) 1995, 149-168(20)
520 _aSeeks to provide a statutory definition of waste.
650 _aCONTROL OF POLLUTION ACT 1974
650 _aDOE CIRCULAR 11/1994
650 _aEC DIRECTIVE 75/442/EEC
650 _aEC DIRECTIVE 91/156/EEC
650 _aEC DIRECTIVES
650 _aENVIRONMENTAL PROTECTION ACT 1990
650 _aWASTE MANAGEMENT
650 _aWASTE
690 _aENVIRONMENTAL AND LAND CONSULTANCY
700 _aPurdue, M.
942 _n0
948 _c04/03/1997
999 _c6182
_d6182